<?xml version="1.0" encoding="UTF-8"?>
<record
    xmlns:xsi="http://www.w3.org/2001/XMLSchema-instance"
    xsi:schemaLocation="http://www.loc.gov/MARC21/slim http://www.loc.gov/standards/marcxml/schema/MARC21slim.xsd"
    xmlns="http://www.loc.gov/MARC21/slim">

  <leader>00739nam a22001337a 4500</leader>
  <datafield tag="040" ind1=" " ind2=" ">
    <subfield code="c">RUA</subfield>
  </datafield>
  <datafield tag="082" ind1=" " ind2=" ">
    <subfield code="a">AVM PUM 2013 B110 Or.1</subfield>
  </datafield>
  <datafield tag="100" ind1=" " ind2=" ">
    <subfield code="a">PUM, CHENDA.</subfield>
  </datafield>
  <datafield tag="245" ind1=" " ind2=" ">
    <subfield code="a">Study on gastro intestinal parasites in wild pig at phnom tamao zoolopical garden and wildlife rescue center, &#x179F;&#x17B7;&#x1780;&#x17D2;&#x179F;&#x17B6;&#x1796;&#x17B8;&#x1794;&#x179A;&#x17B6;&#x179F;&#x17B7;&#x178F;&#x1780;&#x17D2;&#x1793;&#x17BB;&#x1784;&#x1780;&#x17D2;&#x179A;&#x1796;&#x17C7;&#x1796;&#x17C4;&#x17C7;&#x179C;&#x17C0;&#x1793;&#x1787;&#x17D2;&#x179A;&#x17BC;&#x1780;&#x1796;&#x17D2;&#x179A;&#x17C3; &#x1793;&#x17C5;&#x17A7;&#x1791;&#x17D2;&#x1799;&#x17B6;&#x1793;&#x179F;&#x17BD;&#x1793;&#x179F;&#x178F;&#x17D2;&#x179C; &#x1793;&#x17B7;&#x1784; &#x1798;&#x1787;&#x17D2;&#x1788;&#x1798;&#x178E;&#x17D2;&#x178C;&#x179B;&#x179F;&#x1784;&#x17D2;&#x1782;&#x17D2;&#x179A;&#x17C4;&#x17C7;&#x179F;&#x178F;&#x17D2;&#x179C;&#x1796;&#x17D2;&#x179A;&#x17C3;&#x1797;&#x17D2;&#x1793;&#x17C6;&#x178F;&#x17B6;&#x1798;&#x17C9;&#x17C5;</subfield>
  </datafield>
  <datafield tag="260" ind1=" " ind2=" ">
    <subfield code="a">Phnom Penh</subfield>
    <subfield code="b">RUA</subfield>
    <subfield code="c">2013</subfield>
  </datafield>
  <datafield tag="300" ind1=" " ind2=" ">
    <subfield code="a">xi; 59p.</subfield>
    <subfield code="b">ill.</subfield>
    <subfield code="c">29cm.</subfield>
  </datafield>
  <datafield tag="856" ind1=" " ind2=" ">
    <subfield code="u">https://drive.google.com/file/d/1DiXqjjoJgplJ6rGVqYcQa_Qdz5QwhfY3/view?usp=sharing</subfield>
  </datafield>
  <datafield tag="942" ind1=" " ind2=" ">
    <subfield code="c">AVM</subfield>
  </datafield>
  <datafield tag="999" ind1=" " ind2=" ">
    <subfield code="c">2732</subfield>
    <subfield code="d">2732</subfield>
  </datafield>
  <datafield tag="952" ind1=" " ind2=" ">
    <subfield code="0">0</subfield>
    <subfield code="1">0</subfield>
    <subfield code="2">ddc</subfield>
    <subfield code="4">0</subfield>
    <subfield code="6">AVM_PUM_2013_000000000000000_B110_OR_1</subfield>
    <subfield code="7">0</subfield>
    <subfield code="9">13054</subfield>
    <subfield code="a">LBB</subfield>
    <subfield code="b">LBB</subfield>
    <subfield code="c">B110</subfield>
    <subfield code="d">2015-10-26</subfield>
    <subfield code="l">1</subfield>
    <subfield code="o">AVM PUM 2013 B110 Or.1</subfield>
    <subfield code="p">RUA009793</subfield>
    <subfield code="r">2019-11-27</subfield>
    <subfield code="s">2019-10-21</subfield>
    <subfield code="w">2015-10-26</subfield>
    <subfield code="y">AVM</subfield>
  </datafield>
  <datafield tag="952" ind1=" " ind2=" ">
    <subfield code="0">0</subfield>
    <subfield code="1">0</subfield>
    <subfield code="2">ddc</subfield>
    <subfield code="4">0</subfield>
    <subfield code="6">AVM_PUM_2013_000000000000000_B110_OR_2</subfield>
    <subfield code="7">0</subfield>
    <subfield code="9">13055</subfield>
    <subfield code="a">LBB</subfield>
    <subfield code="b">LBB</subfield>
    <subfield code="c">B110</subfield>
    <subfield code="d">2015-10-26</subfield>
    <subfield code="l">1</subfield>
    <subfield code="o">AVM PUM 2013 B110 Or.2</subfield>
    <subfield code="p">RUA017567</subfield>
    <subfield code="r">2020-10-21</subfield>
    <subfield code="s">2020-09-25</subfield>
    <subfield code="w">2015-10-26</subfield>
    <subfield code="y">AVM</subfield>
  </datafield>
  <datafield tag="952" ind1=" " ind2=" ">
    <subfield code="0">0</subfield>
    <subfield code="1">0</subfield>
    <subfield code="2">ddc</subfield>
    <subfield code="4">0</subfield>
    <subfield code="6">AVM_PUM_2013_000000000000000_B110_OR_3</subfield>
    <subfield code="7">0</subfield>
    <subfield code="9">13056</subfield>
    <subfield code="a">LBB</subfield>
    <subfield code="b">LBB</subfield>
    <subfield code="c">B110</subfield>
    <subfield code="d">2015-10-26</subfield>
    <subfield code="l">1</subfield>
    <subfield code="o">AVM PUM 2013 B110 Or.3</subfield>
    <subfield code="p">RUA009806</subfield>
    <subfield code="r">2020-09-22</subfield>
    <subfield code="s">2020-05-19</subfield>
    <subfield code="w">2015-10-26</subfield>
    <subfield code="y">AVM</subfield>
  </datafield>
  <datafield tag="952" ind1=" " ind2=" ">
    <subfield code="0">0</subfield>
    <subfield code="1">0</subfield>
    <subfield code="2">ddc</subfield>
    <subfield code="4">0</subfield>
    <subfield code="6">AVM_PUM_2013_000000000000000_B110_OR_4</subfield>
    <subfield code="7">0</subfield>
    <subfield code="9">13057</subfield>
    <subfield code="a">LBB</subfield>
    <subfield code="b">LBB</subfield>
    <subfield code="c">B110</subfield>
    <subfield code="d">2015-10-26</subfield>
    <subfield code="o">AVM PUM 2013 B110 Or.4</subfield>
    <subfield code="p">RUA009878</subfield>
    <subfield code="r">2015-10-26</subfield>
    <subfield code="w">2015-10-26</subfield>
    <subfield code="y">AVM</subfield>
  </datafield>
  <datafield tag="952" ind1=" " ind2=" ">
    <subfield code="0">0</subfield>
    <subfield code="1">0</subfield>
    <subfield code="2">ddc</subfield>
    <subfield code="4">0</subfield>
    <subfield code="6">AVM_PUM_2013_000000000000000_B110_OR_5</subfield>
    <subfield code="7">0</subfield>
    <subfield code="9">13058</subfield>
    <subfield code="a">LBB</subfield>
    <subfield code="b">LBB</subfield>
    <subfield code="c">B110</subfield>
    <subfield code="d">2015-10-26</subfield>
    <subfield code="o">AVM PUM 2013 B110 Or.5</subfield>
    <subfield code="p">RUA017568</subfield>
    <subfield code="r">2015-10-26</subfield>
    <subfield code="w">2015-10-26</subfield>
    <subfield code="y">AVM</subfield>
  </datafield>
  <datafield tag="952" ind1=" " ind2=" ">
    <subfield code="0">0</subfield>
    <subfield code="1">0</subfield>
    <subfield code="2">ddc</subfield>
    <subfield code="4">0</subfield>
    <subfield code="6">AVM_PUM_2013_000000000000000_B110_OR_6</subfield>
    <subfield code="7">0</subfield>
    <subfield code="9">13059</subfield>
    <subfield code="a">LBB</subfield>
    <subfield code="b">LBB</subfield>
    <subfield code="c">B110</subfield>
    <subfield code="d">2015-10-26</subfield>
    <subfield code="o">AVM PUM 2013 B110 Or.6</subfield>
    <subfield code="p">RUA018269</subfield>
    <subfield code="r">2015-10-26</subfield>
    <subfield code="w">2015-10-26</subfield>
    <subfield code="y">AVM</subfield>
  </datafield>
  <datafield tag="952" ind1=" " ind2=" ">
    <subfield code="0">0</subfield>
    <subfield code="1">0</subfield>
    <subfield code="2">ddc</subfield>
    <subfield code="4">0</subfield>
    <subfield code="6">AVM_PUM_2013_000000000000000_B110_OR_7</subfield>
    <subfield code="7">0</subfield>
    <subfield code="9">13060</subfield>
    <subfield code="a">LBB</subfield>
    <subfield code="b">LBB</subfield>
    <subfield code="c">B110</subfield>
    <subfield code="d">2015-10-26</subfield>
    <subfield code="o">AVM PUM 2013 B110 Or.7</subfield>
    <subfield code="p">RUA018197</subfield>
    <subfield code="r">2015-10-26</subfield>
    <subfield code="w">2015-10-26</subfield>
    <subfield code="y">AVM</subfield>
  </datafield>
</record>
